| 000 | 00716nam a2200277Ia 4500 | ||
|---|---|---|---|
| 005 | 20260121125440.0 | ||
| 008 | 008 260114s9999 xx 000 0 eng d | ||
| 020 | _a9780814761137 | ||
| 037 | _aEBOOK | ||
| 040 | _aCRL | ||
| 040 | _beng | ||
| 040 | _cCRL | ||
| 041 | _2eng | ||
| 041 | _aeng | ||
| 084 | _qCRL | ||
| 100 |
_aMirabal, Nancy Raquel _9993147 |
||
| 245 | 0 | _aSuspect Freedoms: The Racial and Sexual Politics of Cubanidad in New York, 1823-1957 | |
| 260 | _bWalter de Gruyter | ||
| 260 | _bWalter de Gruyter | ||
| 260 | _c2017 | ||
| 650 |
_aHistory _9993148 |
||
| 856 | _uhttp://www.degruyter.com/isbn/9780814761137 | ||
| 942 | _cEBOOK | ||
| 999 |
_c1562108 _d1562108 |
||